000 00914nam a2200229Ii 4500
003 JO-AjNU
008 230605s9999||||xx |||||||||||||| ||und||
017 _a2008/3/935
020 _a978-9957-16-396-9
040 _aJO-AjNU
_bara
_erda
_cJO-AjNU
041 _aara
050 1 4 _aK85.S54.2015
100 3 _a الشيخلي ، عبد القادر ,
_eauthor
_950643
245 0 0 _aقواعد البحث القانوني : الجوانب الشكلية والموضوعية لا سيما في رسائل الماجستير والدكتوراة ونظم ترقية القضاة وتدرج المحامين
250 _aط5
264 3 1 _aعمان : دار الثقافة ، 2015
300 _a237ص
336 _atext
_btxt
_2rdacontent
337 _aunmediated
_bn
_2rdamedia
338 _avolume
_bnc
_2rdacarrier
650 4 _aالقانون -- البحث القانوني -- أساليب البحث
_950644
999 _aA22321
_c25889
_d25889